00550 2200169 4500001002100000005001500021035002000036245003800056100001700094250001100111300003700122260011800159082001600277084002200293020002200315650004300337INLIS00000000000180220241106095435 a0010-11240000601 aLabi Percaya Diri /cSarah Fauzia0 aSarah Fauzia aCet. 1 a24 hlm. :bilus. ;c29,7 x 21 cm aJakarta :bBadan Pengembangan dan Pembinaan Bahasa, Kementrian Pendidikan, Kebudayaan, Riset dan Teknologi,c2023 a398.209 598 a398.209 598 SAR l a978-623-118-848-9 4aCerita Anak Indonesia. Kesustraan Anak